Phương pháp giải các bài toán dao động cơ học và sóng cơ học, điện xoay chiều, quang hình học

Saved in:
Bibliographic Details
Main Author: Phạm Hùng Quyết
Format: Book
Language:Vietnamese
Published: Khoa học và kỹ thuật 1998
Tags: Add Tag
No Tags, Be the first to tag this record!
Institutions: Mạng thư viện Đại học Đà Nẵng
LEADER 00729nam a2200253 4500
001 000021548
003 17996
005 20150422090419.0
008 150422s1998 viesd
020 |c 25000 
041 0 |a vie 
082 1 4 |a 530,1  |b PH-Q 
100 1 |a Phạm Hùng Quyết 
245 1 0 |a Phương pháp giải các bài toán dao động cơ học và sóng cơ học, điện xoay chiều, quang hình học  |c Phạm Hùng Quyết 
260 |b Khoa học và kỹ thuật  |c 1998 
300 |a tr.  |c cm. 
OWN |a LSP 
999 |a From the UDN01 
TYP |a Monograph 
TYP |a Printed language 
980 |a Mạng thư viện Đại học Đà Nẵng